Least Known Pokemon of Every Generation by Picture - Statistics

General Stats
  • This quiz has been taken 49 times
  • The average score is 17 of 27
Answer Stats
Picture Hint Answer % Correct
Gen 1 Kabutops
98%
Gen 1 Omastar
90%
Gen 1 Omanyte
81%
Gen 2 Tyrogue
81%
Gen 2 Forretress
79%
Gen 2 Skiploom
79%
Gen 3 Cradily
69%
Gen 4 Phione
69%
Gen 3 Gorebyss
67%
Gen 6 Amaura
64%
Gen 6 Barbaracle
62%
Gen 7 Blacephalon
62%
Gen 3 Huntail
62%
Gen 7 Naganadel
62%
Gen 8 Spectrier
62%
Gen 4 Wormadam
62%
Gen 4 Mothim
60%
Gen 5 Beheeyem
57%
Gen 8 Glastrier
57%
Gen 5 Mandibuzz
57%
Gen 7 Hakamo-o
55%
Gen 8 Drakloak
52%
Gen 6 Spewpa
52%
Gen 9 Gouging Fire
48%
Gen 9 Iron Boulder
48%
Gen 9 Iron Crown
48%
Gen 5 Eelektrik
45%
No matching quizzes found
Score Distribution
Percent of People with Each Score
Percentile by Number Answered
Your Score History
You have not taken this quiz